000 00755cam a2200253 4500
001 J88790
008 090401t1998 xxu||||| |||| 00| 0 eng d
035 _a(Sirsi) u83180
041 _aeng
050 _a711.3
110 _aUnited Kingdom
_bDepartment of the Environment, Transport and the Regions
_93507
245 4 _aThe future of regional planning guidance: consultation paper.
260 _aLondon
_bDETR
_c1998
300 _a26p. ; 30cm.
350 _a0
520 _aComments should be sent to Mr N Simon, DoETR, by 17 April 1998.
650 _aCONSULTATION PAPERS
650 _aREGIONAL PLANNING GUIDANCE
650 _aREGIONAL PLANNING
650 _aRPG
690 _aPLANNING LAW AND PRACTICE
942 _n0
948 _c20/01/1998
999 _c96870
_d96870